000 01507 a2200253 4500
003 Nust
005 20170207154023.0
020 _a0-8493-1889-0 :
035 _a(Uk)0849318890
040 _cNust
082 0 4 _a621.381
245 1 4 _aThe electronics handbook-(E-BOOK)
_ceditor-in-chief Jerry C. Whitaker
250 _a2. ed.
260 _aBoca Raton, Fla. ;
_aLondon :
_bTaylor & Francis,
_c2005
300 _axxvi, 2608 s. :
_bill. ;
_c26 cm
440 4 _aThe electrical engineering handbook series,
500 _aPrevious ed.: 1996.
505 0 _a1. Fundamental electrical theory -- 2. Properties of materials and components -- 3. Properties of passive components -- 4. Passive electrical circuit -- 5. Electron vacuum devices -- 6. Microwave vacuum devices -- 7. Semiconductor devices and circuits -- 8. Microelectronics -- 9. Optoelectronics -- 10. Power supplies and regulation -- 11. Packaging electronic systems -- 12. Communication principles -- 13. Electromagnetic radiation -- 14. Information recording and storage -- 15. Wired communications systems -- 16. Wireless communications systems -- 17. Radar and radionavigation -- 18. Control and instrumentation technology -- 19. Computer systems -- 20. Signal measurement, analysis and testing -- 21. Reliability engineering -- 22. Safety -- 23. Engineering, management, standardization, and regulation
650 0 _aElectronic circuits
650 0 _aElectronics
650 0 _aElektronik
651 _aE-BOOK
700 1 _aWhitaker, Jerry C.
_4edt
942 _2ddc
_cBK
999 _c191771
_d191771